| 000 | 00383nam a2200145Ia 4500 | ||
|---|---|---|---|
| 008 | 240624s9999 xx 000 0 und d | ||
| 041 | _aeng | ||
| 082 | _a158.1 HOG | ||
| 100 | _aHOGAN KEVIN | ||
| 245 | _aSCIENCE OF INFLUENCE HOW TO GET ANYONE T | ||
| 250 | _a(2nd ed.) | ||
| 260 |
_c2011 _aNew Jersey _bJohn Wiley and Sons |
||
| 300 | _axiv, : 305 : p. : cm. ; 22 | ||
| 365 |
_c _b27 |
||
| 999 |
_c16917 _d16917 |
||